Balance energético nacional 1992 de la República de Costa Rica

Guardado en:
書目詳細資料
主要作者: Solera S., Luis Carlos
其他作者: Castillo Pacheco, Giovanni
格式: 圖書
語言:Spanish
出版: San José, C.R. : Dirección Sectorial de Energía 1992
主題:
標簽: 添加標簽
沒有標簽, 成為第一個標記此記錄!

MARC

LEADER 00000nam a2200000Ia 4500
003 L000608
005 20221231143956.0
008 140114s1993 cr a 000 ||spa d
040 |c cru CEDI 
082 |a 333.79 B197b 
100 |a Solera S., Luis Carlos  |9 18437 
245 |a Balance energético nacional 1992 de la República de Costa Rica 
246 |a Balance energético nacional 1992. República de Costa Rica 
260 |a  San José, C.R. : Dirección Sectorial de Energía  |c  1992 
300 |a vii, 75 páginas : ilustraciones a color  
650 |x RECURSOS ENERGETICOS   |x POLITICA ENERGETICA   |x COSTA RICA  |9 20573 
700 |9 18266  |a Castillo Pacheco, Giovanni 
942 |2 ddc  |c BK 
999 |c 15065  |d 15065